000
00337nam a22001457a 4500
008
230706b ||||| |||| 00| 0 eng d
020
_a
9781119505358
041
_a
eng
080
_2
SECOND EDITION
_a
159.9
082
_a
159.9SAN
100
_a
25
101
_a
PSI
245
_a
REAL WORLD PSYCHOLOGY
_c
SANDERSON.A.C
942
_2
udc
_c
BK
999
_c
60102
_d
60102